00738nam a2200217Ia 4500003000400000005001700004008004100021020001800062040000700080041000800087082002000095100002800115245005900143260004100202300001700243365001300260906006600273942001200339999001900351952015000370OSt20230413113820.0210423s2010 xx 000 0 und d a9788132104728 cAL aeng a791.430954 GEHA aGEHLAWAT (Ajay).987850 aReframing bollywood: theories of popular hindi cinema. aLos AngelesbSage Publicationsc2010 axxiv,165bHB b450cINR abollywood: ; cinema. ; hindi ; popular ; Reframing ; theories 2ddccBK c159699d159699 001040708MAJMCaSACPGbSACPGd2011-08-03eAthulya Booksg450.00l1o791.430954 GEHApPG006177r2022-10-06 00:00:00s2022-08-27w2021-04-26yBK